000 00355nam a2200145Ia 4500
005 20250729165731.0
008 250729s2005 xx 000 0 und d
041 _aeng
082 _a800.7 REGI
100 _aV.L.Rego
_9231675
245 _aIntegral Yoga
260 _aMangalore
_bIntegral Yoga Sastanga
_c2005
300 _a121p
650 _aYoga
_9231676
999 _c239400
_d239400